| 000 | 01380nam a2200301Ia 4500 | ||
|---|---|---|---|
| 005 | 20220316235326.0 | ||
| 008 | 121119s2001 ck a gr 000 j spa | ||
| 020 | _a9583007323 | ||
| 041 | 0 | _aspa | |
| 245 | 0 | 0 |
_aCuentos de soledad _cselección de Guido L. Tamayo S. ; ilustraciones, Eric Nieto Torres |
| 250 | _a1a. edición | ||
| 264 | 1 |
_aBogotá _bPanamericana _c2001 |
|
| 300 |
_a144 páginas _bilustraciones _c20 cm. |
||
| 336 |
_atexto _btxt _2rdacontent |
||
| 337 |
_asin mediación _bn _2rdamedia |
||
| 338 |
_avolumen _bnc _2rdacarrier |
||
| 490 | 0 | _aEl pozo y el péndulo | |
| 505 | _aSoledad de Guy de Maupassant -- La melancolía de Anton Chejov -- La mujer del perro de Pierre Drieu la Rochelle -- La señorita Brill de Katherine Mansfield -- Un lugar limpio y bien iluminado de Ernest Hemingway -- Una luz en la ventana de Truman Capote -- Teatro de Antonio Tabucchi -- Funes el memorioso de Jorge Luis Borges -- Dos cartas de Jose Donoso; Miss Amnesia de Mario Benedetti -- Cocora de Alvaro Mutis | ||
| 650 | 1 | 4 |
_2LEMB _aCuentos juveniles _vColecciones |
| 650 | 1 | 4 |
_2LEMB _aLiteratura juvenil _vColecciones |
| 650 | 1 | 4 |
_2LEMB _aSoledad |
| 650 | 1 | 4 |
_2LEMB _aAnécdotas |
| 700 | 1 |
_aTamayo S., Guido L _ecompilador _9117715 |
|
| 700 | 1 |
_aNieto Torres, Eric _eilustrador _916629 |
|
| 942 |
_2loc _cBKLIT |
||
| 040 |
_aCO-BoRNBP _bspa _erda _cCO-BoRNBP |
||
| 084 | _aC CUE17 | ||
| 999 |
_c608 _d608 |
||